000 00609nam a22002297a 4500
001 7022
003 FISKH
005 20250619084323.0
008 250619b cb ||||| |||| 00| 0 eng d
020 _a9780590442862
040 _aFISKH
_beng
_cFISKH
_dFISKH
050 _aPE1155 .B66
082 _a411
100 _aBridwell, Norman
245 _aClifford's ABC
260 _aNew York :
_bScholastic,
_c1983.
300 _a32 unnumbered pages :
_b color illustrations ;
_c21 cm
505 _aNP
650 _aAlphabet book
_vClifford the Big Red Dog
_xLetters
942 _2ddc
_cBK
_n0
999 _c7022
_d7022